Normal view
MARC view
- المسرحية الروسية - تاريخ ونقد - الإخراج المسرحي - ستانسلافسكي
Entry Topical Term
001 - CONTROL NUMBER
- control field: 24466
003 - CONTROL NUMBER IDENTIFIER
- control field: JO-AjAnu
005 - DATE AND TIME OF LATEST TRANSACTION
- control field: 20230606074208.0
008 - FIXED-LENGTH DATA ELEMENTS
- fixed length control field: 230606|| aca||aabn | a|a d
040 ## - CATALOGING SOURCE
- Original cataloging agency: JO-AjAnu
- Transcribing agency: JO-AjAnu
150 ## - HEADING--TOPICAL TERM
- Topical term or geographic name entry element: المسرحية الروسية - تاريخ ونقد - الإخراج المسرحي - ستانسلافسكي
670 ## - SOURCE DATA FOUND
- Source citation: Work cat.: (JO-AjAnu)12583: ك. ستانسلافسكي ؛ نقله إلى العربية دريني خشبة, author 24465, حياتي في الفن، الجزء الثاني